000
00290nam a2200109Ia 4500
008
230907s9999||||xx |||||||||||||| ||und||
082
_a
620.1064
_b
TUC
100
_a
Tucker, P.G.
_9
115493
245
0
_a
Unsteady computational fluid dynamics in aeronautics /
300
_a
413 P.
942
_c
BK
999
_c
598557
_d
598557